ნორმალური ფორმატი
MARC ფორმატი
ჩანაწერი Corporate Name
ჩანაწერთა რაოდენობა, რომელიც გამოყენებულია: 1
001 - CONTROL NUMBER
- control field: 14303
003 - CONTROL NUMBER IDENTIFIER
- control field: GE_BSU
005 - DATE AND TIME OF LATEST TRANSACTION
- control field: 20220707110941.0
008 - FIXED-LENGTH DATA ELEMENTS
- fixed length control field: 220707|| aca||aabn | a|a d
040 ## - CATALOGING SOURCE
- Original cataloging agency: GE_BSU
- Transcribing agency: GE_BSU
110 ## - HEADING--CORPORATE NAME
- Corporate name or jurisdiction name as entry element: ბათუმის შოთა რუსთაველის სახელმწიფო უნივერსიტეტი ბიზნესის ადმინისტრირების მენეჯმენტის და მარკეტინგის დარგობრივი დეპარტამენტი
670 ## - SOURCE DATA FOUND
- Source citation: Work cat.: (GE_BSU): ბაკურიძე,სოფიო 14302, რეკრეაციული და სამკურნალო ტურიზმის განვითარების შესაძლებლობები ატიპიური ეკონომიკური კრიზისის პირობებში( აჭარის ავტონომიური რესპუბლიკის მაგალითზე)
